header

What happened to the ancient Library of Alexandria? (Record no. 240752)

MARC details
000 -LEADER
fixed length control field 01735nam a2200409 a 4500
082 04 - DEWEY DECIMAL CLASSIFICATION NUMBER
Classification number 027.032
245 00 - TITLE STATEMENT
Title What happened to the ancient Library of Alexandria?
260 ## - PUBLICATION, DISTRIBUTION, ETC. (IMPRINT)
Place of publication Leiden ;
-- Boston :
Name of publisher Brill,
Year of publication 2008.
300 ## - PHYSICAL DESCRIPTION
Number of Pages xx, 259 p. :
Other physical details ill.
490 1# - SERIES STATEMENT
Series statement Library of the written word. The manuscript world,
650 #0 - SUBJECT ADDED ENTRY--TOPICAL TERM
Topical Term Libraries
700 1# - ADDED ENTRY--PERSONAL NAME
Personal name El-Abbadi, Mostafa.
Personal name Fathallah, Omnia Mounir.
856 40 - ELECTRONIC LOCATION AND ACCESS
Uniform Resource Identifier http://site.ebrary.com/lib/rucke/Doc?id=10461211

No items available.

© 2026 Rongo University
Contact us: librarian | system librarian | Rongo university